[Event "RSA-chT U14"]
[Site "Cape Town"]
[Date "2016.01.05"]
[Round "3.10"]
[White "Mahapela, Sello"]
[Black "Goyal, Rajat"]
[Result "1/2-1/2"]
[WhiteElo "794"]
[BlackElo "1121"]
[PlyCount "31"]
[EventDate "2016.01.04"]
[EventType "team-tourn"]
[EventRounds "7"]
[EventCountry "RSA"]
[SourceTitle "CBM 170 Extra"]
[Source "ChessBase"]
[SourceDate "2016.02.25"]
[SourceVersion "1"]
[SourceVersionDate "2016.02.25"]
[SourceQuality "1"]
[WhiteTeam "Kenneth Kaunda"]
[BlackTeam "Tshwane"]
[WhiteTeamCountry "RSA"]
[BlackTeamCountry "RSA"]

1. e4 c5 2. Nc3 Nc6 3. Nf3 d6 4. h3 e6 5. d3 Nf6 6. Bg5 Be7 7. Qd2 a6 8. Qe3 g6 9. d4 cxd4 10. Nxd4 Qc7 11. Nxc6 Qxc6 12. Bxf6 Bxf6 13. Be2 0-0 14. Bf3 Bd8 15. e5 d5 16. 0-0-0 1/2-1/2